000 00478nam a2200181Ia 4500
005 20250326124038.0
008 250326s9999 xx 000 0 und d
037 _aTextbook
040 _aFMSL
_beng
_cFMSL
041 _aeng
_2eng
084 _aXok8:8 K9;4
_qFMSL
100 _aHague D C
245 0 _aManagerial economics
_cHague D C
260 _aLondon
_bLondon, Longmans
_c1969
300 _a356p
942 _cTB
_hXok8:8 K9;4
999 _c1272031
_d1272031